plats à base de crevette cités par Bubba - Statistiques

Statistiques générales
  • Ce quiz a été pris 6 fois
  • Le résultat moyen est 7 sur 21
Statistiques - réponses
Hint Réponse % Correct
14 à l'ail
67%
19 cocktail
67%
11 en sauce
50%
16 en soupe
50%
3 grillée
50%
5 sautée
50%
1 barbecue
33%
17 en ragoût
33%
18 en salade
33%
8 gombo
33%
4 rôtie
33%
9 à la planche
17%
10 à la vapeur
17%
15 au poivre
17%
12 avocat crevettes
17%
2 bouillie
17%
7 créole
17%
13 crevette citron
17%
20 hamburger
17%
6 kebab
17%
21 sandwich
17%
Aucun quiz correspondant
Distribution des résultats
% des personnes avec chaque résultat
Percentile par nombre de réponses
Votre historique - résultats
Vous n’avez pas pris ce quiz